Responses for Show #3249 - Thursday, October 22, 1998

Contestants

[<< previous game]

Jamie Phillippe, a customer service representative from Baton Rouge, Louisiana

Jennifer Young, a graduate student from River Ridge, Louisiana

Ellen Yancey, a registered massage therapist from Dallas, Texas (whose 1-day cash winnings total $5,300)

[next game >>]

Jeopardy! Round responses

HOLLYWOOD
WE'RE TALKIN' BASEBALL
SUBWAY STOPS
STARTS WITH "M"
THE SWINGIN' '60s
FLOWER POWER
(Alex: Remember that?)
    $100 2
Freeway

Jennifer
    $100 8
Cal Ripken Jr.

Triple Stumper
    $100 17
Tokyo

Jamie
    $100 1
Madonna

Jamie
    $100 9
Jacuzzi

Jennifer
    $100 21
Rose

Ellen
    $200 3
Guitars

Triple Stumper
    $200 27
Florida Marlins

Jennifer
    $200 18
Mexico City

Jennifer
    $200 7
Matador

Jennifer
    $200 10
Psychedelic

Jamie
    $200 22
(Alex: With about a minute to go.)

a sunflower

Jamie
    $300 4
Hollywood Bowl

Jamie
    $300 28
[The end-of-round signal sounds.]

Shea Stadium

Triple Stumper
    $300 19
Athens

Jennifer
    $300 14
(Ellen: What is a monitor?)

a microphone

EllenJennifer
    $300 11
Eugene McCarthy

Ellen
    $300 24
(Jennifer: What is weed?)

Wort

JenniferJamie
    $400 5
(E: What is 3-D?)

Cinerama (the Cinerama Dome)

Ellen
Triple Stumper
    $500 20
(Jennifer: What is Madrid?)

Rio de Janeiro

Jennifer
    $400 15
Mango

Ellen
    $400 12
Super Bowl & Super Ball

Triple Stumper
    $400 25
Black-Eyed Susan

Ellen
    $500 6
Paramount Pictures

Triple Stumper
    $500 23
(Jennifer: What is Cardiff?)

Glasgow

EllenJennifer
    $500 16
Medea

Jamie
    $500 13
"Bob & Carol & Ted & Alice"

Jamie
    $500 26
Stamens & pistils

Triple Stumper

Scores at the first commercial break (after clue 13):

Ellen Jennifer Jamie
-$100 $400 $1,100

Scores at the end of the Jeopardy! Round:

Ellen Jennifer Jamie
$1,000 $100 $2,200

Double Jeopardy! Round responses

WORLD OF POETRY
"E"OGRAPHY
POLITICIANS
JOHN DENVER LYRICS
I REFUSE
IF THEY MARRIED....
    $200 7
Homer

Jennifer
    $200 10
Egypt

Jennifer
    $200 24
(Jamie: Who is Kang Hei-shek?)

Chiang Kai-shek

Jamie
Triple Stumper
    $200 1
Annie

Ellen
    $200 18
Muhammad Ali (Cassius Clay)

Jamie
    $200 6
Jerry & Monty Hall

Jennifer
    $400 8
(Ellen: What is tea?)

wine

Ellen
Triple Stumper
    $400 11
Estonia

Triple Stumper
    $400 25
(Jennifer: What is Northern Ireland?)

Ireland

Jennifer
Triple Stumper
    $400 2
(Jennifer: What is Colorado?)

West Virginia

EllenJennifer
    $400 19
(Jamie: What is Coriolanus?)

Julius Caesar

Jamie
Triple Stumper
    $400 17
Billy & Mary Martin

Ellen
    $600 9
Sweden

Triple Stumper
    $600 12
Ecuador

Jamie
    $600 23
Socialist Party

Jennifer
    $600 3
Follow me

Triple Stumper
    $600 20
Susan McDougal

Jamie
    $600 26
[The end-of-round signal sounds.]

Kublai & Chaka Khan

Jamie
    $800 15
Rainer Maria Rilke

Triple Stumper
    $800 13
(Ellen: What is Ecuador?)

El Salvador

EllenJamie
    $800 4
"Rocky Mountain High"

Ellen
    $800 21
(Alex: A minute to go.)

Rosa Parks

Jamie
    $1,000 16
(Jamie: Who is Baudelaire?)

Arthur Rimbaud

Jamie
    $1000 14
Ethiopia

Jamie
    $1000 5
Stones

Triple Stumper
    $1000 22
St. Thomas More

Triple Stumper

Scores at the end of the Double Jeopardy! Round:

Ellen Jennifer Jamie
$1,600 $500 $5,200
(lock game)

[wagering suggestions for these scores]

Final Jeopardy! Round responses

THE 17th CENTURY
(Alex: Good century!)
JenniferWhat is 1641?
$500
EllenWhat is 1548?
$1,000
JamieWhat is 1548?
$1,200
1618 (when The Thirty Years' War began)

Final scores:

Ellen Jennifer Jamie
$600 $0 $4,000
2nd place: Trip to Spice Islands Beach Resort, Grenada 3rd place: Vivitar Sports Pack New champion: $4,000

Game dynamics:

Coryat scores:

Ellen Jennifer Jamie
$1,600 $1,000 $6,200
9 R,
4 W
11 R,
5 W
(including 1 DD)
15 R,
3 W
(including 1 DD)

Combined Coryat: $8,800

[game clues] [game scores] [suggest correction]

Game tape date: 1998-09-01
The J! Archive is created by fans, for fans. Scraping, republication, monetization, and malicious use prohibited; this site may use cookies and collect identifying information. See terms. The Jeopardy! game show and all elements thereof, including but not limited to copyright and trademark thereto, are the property of Jeopardy Productions, Inc. and are protected under law. This website is not affiliated with, sponsored by, or operated by Jeopardy Productions, Inc. Join the discussion at JBoard.tv.